鉄道駅のない市 - Statistics

General Stats
  • This quiz has been taken 2,120 times
  • The average score is 32 of 63
Answer Stats
都道府県名 市名 備考 % Correct
北海道 歌志内市 歌志内線(〜1988)
74%
石川県 輪島市 のと鉄道七尾線(〜2001)
72%
石川県 珠洲市 のと鉄道能登線(〜2005)
71%
東京都 武蔵村山市 1970市制
70%
北海道 留萌市 留萌本線(〜2023.3.31)
69%
神奈川県 綾瀬市 1978市制、東海道新幹線が通過
68%
北海道 紋別市 名寄本線(〜1989)
67%
沖縄県 沖縄市 1956市制(コザ市)、1974合併
66%
沖縄県 石垣市 1947市制
65%
長崎県 対馬市 2004市制
64%
新潟県 佐渡市 1954市制(両津市)、2004合併
63%
沖縄県 名護市 1970市制
62%
静岡県 御前崎市 2004市制、静岡鉄道駿遠線(〜1964)
61%
兵庫県 南あわじ市 2005市制、淡路鉄道(〜1966)
61%
兵庫県 淡路市 2005市制
61%
長崎県 五島市 1954市制(福江市)、2004合併
61%
鹿児島県 奄美市 1946市制(名瀬市)、2006合併
61%
沖縄県 宮古島市 1947市制(平良市)、2005合併
61%
青森県 十和田市 十和田観光電鉄線(〜2012)、東北新幹線が通過
60%
兵庫県 洲本市 淡路鉄道(〜1966)
60%
長崎県 壱岐市 2004市制
60%
山梨県 南アルプス市 2003市制、山梨交通電車線(〜1962)
59%
高知県 室戸市 1959市制
59%
熊本県 天草市 1954市制(本渡市/牛深市)、2006合併
59%
鹿児島県 鹿屋市 大隅線(〜1987)
59%
沖縄県 うるま市 1945市制(石川市)、2005合併
58%
高知県 土佐清水市 1954市制
57%
北海道 三笠市 幌内線(〜1987)
55%
静岡県 牧之原市 2005市制、静岡鉄道駿遠線(〜1968)、東海道新幹線が通過
55%
北海道 石狩市 1996市制、軽石軌道(〜1940)
54%
茨城県 神栖市 2005市制、貨物駅あり
54%
広島県 江田島市 2004市制
52%
沖縄県 糸満市 1971市制、沖縄県営鉄道糸満線(〜1945)
52%
大分県 国東市 2006市制、大分交通国東線(〜1966)
51%
沖縄県 宜野湾市 1962市制、沖縄県営鉄道嘉手納線(〜1945)
51%
茨城県 かすみがうら市 2005市制、常磐線が通過
49%
長崎県 南島原市 2006市制、島原鉄道線(〜2008)
49%
沖縄県 豊見城市 2002市制、糸満馬車軌道(〜1939)
48%
熊本県 上天草市 2004市制
47%
沖縄県 南城市 2006市制、沖縄県営鉄道与那原線(〜1945)
46%
茨城県 行方市 2005市制、鹿島鉄道線(〜2007)
45%
鹿児島県 西之表市 1958市制
45%
岩手県 陸前高田市 大船渡線(〜2020)、BRT転換
44%
茨城県 稲敷市 2005市制
43%
兵庫県 宍粟市 2005市制
43%
宮城県 富谷市 2016市制、仙台鉄道(〜1956)
42%
長崎県 西海市 2005市制
42%
茨城県 坂東市 1972市制(岩井市)、2005合併
41%
高知県 土佐市 1959市制
41%
熊本県 菊池市 熊本電気鉄道菊池線(〜1986)
41%
大分県 豊後高田市 大分交通宇佐参宮線(〜1965)
40%
鹿児島県 南さつま市 1954市制(加世田市)、2005合併、鹿児島交通枕崎線(〜1984)
40%
千葉県 富里市 2002市制、成田鉄道八街線(〜1940)
39%
岐阜県 山県市 2003市制
39%
鹿児島県 垂水市 大隅線(〜1987)
37%
徳島県 阿波市 2005市制
36%
福岡県 八女市 矢部線(〜1985)
35%
宮崎県 西都市 妻線(〜1984)
35%
福岡県 宮若市 2006市制、山陽新幹線が通過
32%
熊本県 山鹿市 山鹿温泉鉄道(〜1965)
32%
鹿児島県 伊佐市 1954市制(大口市)、2008合併、山野線(〜1988)
30%
福岡県 大川市 佐賀線(〜1987)
27%
福岡県 那珂川市 2018市制、九州新幹線が通過
25%
No matching quizzes found
Score Distribution
Percent of People with Each Score
Percentile by Number Answered
Your Score History
You have not taken this quiz